Bundesliga goalscorers 20/21 - Statistics

General Stats
  • This quiz has been taken 107 times
    40 since last reset
  • The average score is 58 of 248
Answer Stats
# Club Goals scored Answer % Correct
1. Bayern München 41 Robert Lewandowski
100%
3. Borussia Dortmund 27 Erling Braut Haaland
94%
40. Bayern München 6 Leroy Sané
85%
12. Bayern München 10 Serge Gnabry
82%
10. Bayern München 11 Thomas Müller
82%
64. Bayern München 5 Leon Goretzka
76%
21. Borussia Dortmund 8 Marco Reus
76%
5. Hoffenheim 20 Andrej Kramarić
74%
85. Bayern München 4 Joshua Kimmich
74%
2. Eintracht Frankfurt 28 André Silva
71%
65. Bayern München 5 Kingsley Coman
68%
36. Borussia Mönchengladbach 6 Alassane Plea
65%
13. Bayer Leverkusen 9 Patrik Schick
65%
22. Borussia Mönchengladbach 8 Marcus Thuram
62%
16. Freiburg 9 Vincenzo Grifo
62%
61. Bayer Leverkusen 5 Florian Wirtz
59%
11. Union Berlin 11 Max Kruse
59%
25. RB Leipzig 7 Emil Forsberg
56%
7. Borussia Mönchengladbach 14 Lars Stindl
56%
168. Bayern München 1 Niklas Süle
56%
236. Mainz 1 Stefan Bell
56%
32. Bayern München 6 Jamal Musiala
53%
4. Wolfsburg 20 Wout Weghorst
53%
42. Borussia Mönchengladbach 6 Florian Neuhaus
50%
69. Augsburg 5 Florian Niederlechner
50%
31. Borussia Mönchengladbach 6 Jonas Hoffmann
50%
52. Borussia Dortmund 5 Mats Hummels
50%
19. Freiburg 8 Nils Petersen
50%
6. Stuttgart 16 Saša Kalajdžić
50%
67. Arminia Bielefeld 5 Fabian Klos
47%
18. Borussia Dortmund 8 Jadon Sancho
47%
8. Stuttgart 11 Silas Wamangituka
47%
49. RB Leipzig 5 Yussuf Poulsen
47%
72. Bayer Leverkusen 4 Moussa Diaby
44%
54. Werder Bremen 6 Niclas Füllkrug
44%
189. Borussia Dortmund 1 Thorgan Hazard
44%
56. Borussia Mönchengladbach 5 Breel Embolo
41%
195. Borussia Dortmund 1 Emre Can
41%
224 Borussia Dortmund 1 Jude Bellingham
41%
113. Borussia Dortmund 3 Julian Brandt
41%
83. Mainz 4 Karim Onisiwo
41%
20. RB Leipzig 8 Marcel Sabitzer
41%
120. Bayer Leverkusen 2 Nadiem Amiri
41%
196. Bayern München 1 Alphonso Davies
38%
58. Hoffenheim 5 Christoph Baumgartner
38%
37. RB Leipzig 6 Christopher Nkunku
38%
57. RB Leipzig 5 Dani Olmo
38%
15. Hoffenheim 9 Ihlas Bebou
38%
71. Freiburg 4 Lucas Höler
38%
141. Eintracht Frankfurt 2 Martin Hinteregger
38%
133. Borussia Mönchengladbach 2 Matthias Ginter
38%
105. Wolfsburg 3 Maximilian Arnold
38%
62. Borussia Dortmund 5 Raphaël Guerreiro
38%
223. RB Leipzig 1 Dayot Upamecano
35%
96. Borussia Mönchengladbach 3 Hannes Wolf
35%
178. Bayern München 1 Jérôme Boateng
35%
165. Bayer Leverkusen 1 Jonathan Tah
35%
27. Hertha Berlin 7 Krzysztof Piatek
35%
9. Bayer Leverkusen 11 Lucas Alario
35%
82. Eintracht Frankfurt 4 Luka Jović
35%
126. Borussia Dortmund / Köln 2 Marius Wolf
35%
173. Augsburg 1 Michael Gregoritsch
35%
23. Augsburg 8 André Hahn
32%
84. Eintracht Frankfurt 4 Filip Kostić
32%
108. Schalke 3 Mark Uth
32%
188. Union Berlin 1 Nico Schlotterbeck
32%
46. Union Berlin 5 Robert Andrich
32%
197. Bayern München 1 Corentin Tolisso
29%
122. Bayern München 2 David Alaba
29%
95. Werder Bremen 3 Davie Selke
29%
101. Bayern München 3 Erik Maxim Choupo-Moting
29%
60. Freiburg 5 Ermedin Demirović
29%
232. Köln 1 Florian Kainz
29%
99. Köln 3 Jonas Hector
29%
145. Mainz 2 Jonathan Burkardt
29%
79. Bayer Leverkusen 4 Kerem Demirbay
29%
225. RB Leipzig 1 Lukas Klostermann
29%
135. Borussia Dortmund 2 Manuel Akanji
29%
118. Werder Bremen 2 Maximilian Eggestein
29%
17. Freiburg 8 Roland Sallai
29%
229. Borussia Dortmund 1 Thomas Meunier
29%
80. RB Leipzig 4 Angeliño
26%
47. Eintracht Frankfurt 5 Daichi Kamada
26%
70. Stuttgart 4 Daniel Didavi
26%
181. Hoffenheim 1 Dennis Geiger
26%
55. Hertha Berlin 5 Dodi Lukebakio
26%
127. Wolfsburg 2 John Anthony Brooks
26%
183. Union Berlin 1 Keita Endo
26%
14. Bayer Leverkusen 9 Leon Bailey
26%
89. Augsburg 3 Marco Richter
26%
41. Schalke 6 Matthew Hoppe
26%
74. Hoffenheim 4 Munas Dabbur
26%
211. Freiburg 1 Nicolas Höfler
26%
86. Borussia Mönchengladbach 4 Ramy Bensebaini
26%
35. Mainz / Wolfsburg 6 Ridle Baku
26%
164. Eintracht Frankfurt 1 Sebastian Rode
26%
91. Union Berlin 3 Sheraldo Becker
26%
128. Borussia Mönchengladbach 2 Stefan Lainer
26%
110. Stuttgart 3 Wataru Endo
26%
77. RB Leipzig 4 Willi Orban
26%
204. Borussia Dortmund 1 Mahmoud Dahoud
24%
140. RB Leipzig 2 Marcel Halstenberg
24%
213. Arminia Bielefeld 1 Masaya Okugawa
24%
28. Hertha Berlin 7 Matheus Cunha
24%
63. Wolfsburg 5 Renato Steffen
24%
102. Köln 3 Sebastian Andersson
24%
184. Schalke / Hoffenheim 1 Sebastian Rudy
24%
93. Borussia Dortmund 3 Youssoufa Moukoko
24%
231. Mainz 1 Adam Szalai
21%
104. RB Leipzig 3 Amadou Haidara
21%
134. Hoffenheim 2 Florian Grillitsch
21%
76. Stuttgart 4 Gonzalo Castro
21%
30. Köln 7 Jhon Córdoba
21%
151. Bayer Leverkusen 2 Julian Baumgartlinger
21%
136. Stuttgart 2 Marc Oliver Kempf
21%
109. Borussia Mönchengladbach 3 Nico Elvedi
21%
33. Stuttgart 6 Nicolas Gonzalez
21%
44. Mainz 6 Robin Quaison
21%
51. Union Berlin 5 Taiwo Awoniyi
21%
160. RB Leipzig 1 Tyler Adams
21%
144. Wolfsburg 2 Yannick Gerhardt
21%
147. Schalke 2 Amine Harit
18%
169. Borussia Mönchengladbach 1 Denis Zakaria
18%
219. Bayern München 1 Douglas Costa
18%
201. Bayer Leverkusen 1 Edmond Tapsoba
18%
50. Köln 5 Ellyes Skhiri
18%
112. Eintracht Frankfurt 3 Evan N'Dicka
18%
202. Hoffenheim 1 Georginio Rutter
18%
73. Borussia Dortmund 4 Giovanni Reyna
18%
146. Freiburg 2 Jonathan Schmid
18%
43. Wolfsburg 6 Maximilian Philipp
18%
115. Werder Bremen 3 Milot Rashica
18%
92. RB Leipzig 3 Nordi Mukiele
18%
155. Union Berlin 1 Robin Knoche
18%
34. Augsburg 6 Ruben Vargas
18%
143. Wolfsburg 2 Xaver Schlager
18%
212. Union Berlin 1 Christoper Trimmel
15%
229. Hertha Berlin 1 Dedryck Boyata
15%
221. Eintracht Frankfurt 1 Erik Durm
15%
97. Union Berlin 3 Grischa Prömel
15%
177. Augsburg 1 Iago
15%
185. RB Leipzig 1 Ibrahima Konaté
15%
26. Mainz 7 Jean-Philippe Mateta
15%
53. Werder Bremen 5 Josh Sargent
15%
150. Schalke 2 Klass-Jan Huntelaar
15%
238. Bayer Leverkusen 1 Lars Bender
15%
75. Werder Bremen 4 Leonadro Bittencourt
15%
66. Union Berlin 5 Marvin Friedrich
15%
209. Wolfsburg 1 Maxence Lacroix
15%
190. Bayer Leverkusen 1 Mitchell Weiser
15%
138. Werder Bremen 2 Ömer Toprak
15%
81. Freiburg 4 Philipp Lienhart
15%
68. Arminia Bielefeld 5 Ritsu Doan
15%
230. Augsburg 1 Sami Khedira
15%
226. Schalke 1 Suat Serdar
15%
129. Stuttgart 2 Tanguy Coulibaly
15%
215. Eintracht Frankfurt 1 Timothy Chandler
15%
174. Mainz 1 Alexander Hack
12%
48. RB Leipzig 5 Alexander Sörloth
12%
199. Arminia Bielefeld 1 Amos Pieper
12%
225. Borussia Dortmund 1 Ansgar Knauff
12%
78. Wolfsburg 4 Bas Dost
12%
227. Schalke 1 Gonçalo Paciência
12%
29. Wolfsburg 7 Josip Brekalo
12%
132. Mainz 2 Leandro Barreiro
12%
162. Union Berlin 1 Marius Bülter
12%
88. Mainz 3 Moussa Niakhaté
12%
24. Köln 7 Ondrej Duda
12%
220. Stuttgart 1 Orel Mangala
12%
107. Stuttgart 3 Philipp Förster
12%
153. Hoffenheim 2 Sargis Adamyan
12%
161. Köln 1 Sebastiaan Bornauw
12%
179. Borussia Dortmund 1 Thomas Delaney
12%
234. Hertha Berlin 1 Vladimir Darida
12%
87. Freiburg 4 Woo-yeong Jeong
12%
237. Eintracht Frankfurt 1 Almamy Touré
9%
149. Arminia Bielefeld 2 Andreas Voglsammer
9%
176. Freiburg 1 Baptise Santamaria
9%
216. Mainz 1 Dominik Kohr
9%
154. Werder Bremen 1 Felix Agu
9%
152. Mainz 2 Jean-Paul Boëtius
9%
157. Augsburg 1 Jeffrey Gouweleeuw
9%
54. Werder Bremen 5 Kevin Möhwald
9%
90. Mainz 3 Kevin Stöger
9%
194. Hertha Berlin 1 Luca Netz
9%
231. Freiburg 1 Manuel Gulde
9%
171. Arminia Bielefeld 1 Manuel Prietl
9%
203. Stuttgart 1 Mateo Klimowicz
9%
167. Borussia Mönchengladbach 1 Oscar Wendt
9%
218. Hoffenheim 1 Robert Skov
9%
98. Eintracht Frankfurt 3 Amin Younes
6%
116. Wolfsburg 2 Bartosz Bialek
6%
100. Union Berlin 3 Cedric Teuchert
6%
131. Mainz 2 Daniel Brosinski
6%
38. Augsburg 6 Daniel Caliguri
6%
191. Hoffenheim 1 Emrin Bičakčić
6%
192. Werder Bremen 1 Eren Dincki
6%
186. Borussia Dortmund 1 Felix Passlack
6%
156. Augsburg 1 Felix Udoukhai
6%
117. Köln 2 Jan Thielmann
6%
114. RB Leipzig 3 Justin Kluivert
6%
227. Hoffenheim 1 Kevin Akpoguma
6%
207. Stuttgart 1 Philipp Klement
6%
163. Köln 1 Rafael Czichos
6%
205. Borussia Dortmund 1 Reinier
6%
130. Mainz 2 Robert Glatzel
6%
233. Augsburg 1 Robert Gumny
6%
121. Hoffenheim 2 Ryan Sessegnon
6%
139. Arminia Bielefeld 2 Sergio Córdova
6%
103. Werder Bremen 3 Theodor Gebre Selassie
6%
142. Borussia Mönchengladbach 2 Valentino Lazaro
6%
125. Eintracht Frankfurt 2 Aymen Barkok
3%
119. Schalke 2 Benito Raman
3%
166. Eintracht Frankfurt 1 David Abraham
3%
193. Bayer Leverkusen 1 Demarai Gray
3%
123. Köln 2 Dominick Drexler
3%
233. Schalke 1 Florian Flick
3%
39. Bayer Leverkusen / Union Berlin 6 Joel Pohjanpalo
3%
210. Borussia Mönchengladbach / Augsburg 1 Lászlo Bénes
3%
228. Mainz 1 Levin Öztunali
3%
182. Schalke 1 Malick Thiaw
3%
206. Schalke 1 Omar Mascarell
3%
230. Union Berlin 1 Petar Musa
3%
106. Hertha Berlin 3 Peter Pekarik
3%
222. Hertha Berlin 1 Santiago Ascacibar
3%
208. Schalke 1 Sead Kolašinac
3%
159. Eintracht Frankfurt 1 Stefan Ilsanker
3%
228 Eintracht Frankfurt 1 Ajdin Hrustic
0%
170. Bayer Leverkusen 1 Aleksandar Dragović
0%
232. Schalke 1 Blendi Idrizi
0%
175. Arminia Bielefeld 1 Cebio Soukou
0%
200. Arminia Bielefeld 1 Christian Gebauer
0%
111. Freiburg 3 Christian Günter
0%
217. Hertha Berlin 1 Deyovaisio Zeefuik
0%
59. Köln 5 Elvis Rexhbecaj
0%
214. Köln 1 Ismail Jakobs
0%
148. Hertha Berlin 2 Jessic Ngankam
0%
187. Arminia Bielefeld 1 Jóan Símun Edmundsson
0%
235. Wolfsburg 1 João Victor
0%
94. Union Berlin 3 Marcus Ingvarsten
0%
137. Hertha Berlin 2 Mattéo Guendouzi
0%
198. Arminia Bielefeld 1 Michel Vlap
0%
180. Schalke 1 Nassin Boujellab
0%
224. Hertha Berlin 1 Nemanja Radonjić
0%
239. Eintracht Frankfurt 1 Ragnar Ache
0%
172. Arminia Bielefeld 1 Reinhold Yabo
0%
226. Schalke 1 Shkodran Mustafi
0%
158. Arminia Bielefeld 1 Sven Schipplock
0%
No matching quizzes found
Score Distribution
Percent of People with Each Score
Percentile by Number Answered
Your Score History
You have not taken this quiz since the last reset